| 000 | 00528nam a2200193Ia 4500 | ||
|---|---|---|---|
| 008 | 130402t2011 xxu||||| |||| 00| 0 sin d | ||
| 041 | _asin | ||
| 080 |
_a8-31 _bWES |
||
| 100 | _aWestwater,Judy | ||
| 245 | _aකඳුළු දෝණි | ||
| 246 | _aKadulu Doni | ||
| 260 |
_aVidharshana _aDehiwala _c2011 |
||
| 300 | _b192p, 21 cm | ||
| 500 | _aSinhalese Translation of Judy Westwater's of Street Children | ||
| 700 |
_aDe Silva,Anula _etr. |
||
| 942 | _cBK | ||
| 999 |
_c42354 _d42354 |
||
| 003 | LK-CoDNM | ||
| 040 |
_aLK-CoDNM _dLK-CoDNM _eLK-CoDNM |
||